| 000 | 004360000a22001690004500 | ||
|---|---|---|---|
| 003 | MACL | ||
| 005 | 20151229155556.0 | ||
| 008 | 151229b xxu||||| |||| 00| 0 eng d | ||
| 040 |
_aMACL _cMACL |
||
| 041 | _aEnglish | ||
| 082 | _a270/CHU | ||
| 100 |
_aGeorge Bell and Sons _924169 |
||
| 245 | _aThe Ecclesiastical History of Socrates | ||
| 260 |
_bGeorge Bell and Sons _c1904 |
||
| 650 |
_aReligion _924170 |
||
| 942 |
_cBK _k270/CHU _2ddc |
||
| 999 |
_c37173 _d37173 |
||